Top 5 European Leagues Top Scorers: 2017/18 - Statistics

General Stats
  • This quiz has been taken 15 times
  • The average score is 21 of 28
Answer Stats
League Goals Club Nationality Player % Correct
La Liga 26 Real Madrid Portugal Cristiano Ronaldo
100%
Ligue 1 28 PSG Uruguay Edinson Cavani
100%
Premier League 30 Tottenham England Harry Kane
100%
Premier League 20 Leicester England Jamie Vardy
100%
La Liga 34 Barcelona Argentina Lionel Messi
100%
La Liga 25 Barcelona Uruguay Luis Suarez
100%
Premier League 32 Liverpool Egypt Mohamed Salah
100%
Ligue 1 19 PSG Brazil Neymar
100%
Bundesliga 29 Bayern Munich Poland Robert Lewandowski
100%
Premier League 21 Manchester City Argentina Sergio Aguero
100%
Serie A 29 Lazio Italy Ciro Immobile
93%
Serie A 18 Napoli Belgium Dries Mertens
93%
La Liga 22 Celta Vigo Spain Iago Aspas
93%
Serie A 22 Juventus Argentina Paulo Dybala
93%
Ligue 1 18 Monaco Colombia Radamel Falcao
87%
Ligue 1 19 Lyon Netherlands Memphis Depay
80%
Premier League 18 Manchester City England Raheem Sterling
80%
Serie A 19 Sampdoria Italy Fabio Quagliarella
73%
Ligue 1 18 Nice Italy Mario Balotelli
73%
Serie A 29 Inter Argentina Mauro Icardi
73%
La Liga 21 Girona Uruguay Cristhian Stuani
60%
Ligue 1 18 Lyon Dominican Republic Mariano Diaz
60%
Ligue 1 22 Marseille France Florian Thauvin
40%
Bundesliga 15 Freiburg Germany Nils Petersen
27%
Bundesliga 14 Hannover Germany Niclas Fullkrug
13%
Bundesliga 14 Bayer Leverkusen Germany Kevin Volland
7%
Ligue 1 18 Lyon France Nabil Fekir
7%
Bundesliga 14 Hoffenheim Germany Mark Uth
0%
No matching quizzes found
Score Distribution
Percent of People with Each Score
Percentile by Number Answered
Your Score History
You have not taken this quiz